000 00265nam a2200109Ia 4500
008 220216s9999 xx 000 0 und d
100 _aPakianathan S W
245 0 _aSearch for new stimulants
260 _bPlanters Bulletin
_c1970
300 _a351-365
942 _cJS
999 _c68478
_d68478